000
00296nam a22001337a 4500
008
181008b xxu||||| |||| 00| 0 eng d
020
_a
9780256233179
041
_a
eng
080
_a
300
100
_a
59
101
_a
BUS
245
_a
Prespective Business Ethics
_c
Laura.p
942
_2
udc
_c
BK
999
_c
49025
_d
49025